| 000 | 00625nam a22002177a 4500 | ||
|---|---|---|---|
| 999 |
_c14273 _d14273 |
||
| 003 | AR-CdUCM | ||
| 008 | 190422b ||||| |||| 00| 0 spa d | ||
| 020 | _a2-7641-1397-8 | ||
| 040 |
_aMUNICIPALIDAD PROVINCIAL DEL CUSCO _cBIBLIOTECA MUNICIPAL DEL CUSCO |
||
| 082 |
_aEP / 803 / _bH21 |
||
| 110 |
_aLexus. _928773 |
||
| 245 | _aHansel y Gretel / | ||
| 260 |
_aChina : _bLexus, _c1999. |
||
| 300 | _c21 cm. | ||
| 505 | _aContenido :Hansel y Gretel ... | ||
| 650 |
_aCuentos _9217 |
||
| 650 |
_aHistorietas _910786 |
||
| 700 |
_aJaramillo, Gloria (traductor) _932988 |
||
| 942 |
_2ddc _cLIBROS |
||
| 945 |
_arum _d2019-04-22 |
||